000 00610nam a2200217Ia 4500
008 220204s9999 xx 000 0 und d
082 _a581
_bOBR
100 _aMCCULLY, M E
245 0 _aStudy of plant structure principles and selected methods
260 _aMelbourne
_bTermarcarphi pty Ltd
_c1981
650 _aEpidemis isolation
650 _aFluorescence microscopy
650 _aMicroscopic method
650 _aMicrotome
650 _aMounting
650 _aPhoto micrography
650 _aPlant structure
650 _aScanning electron microscopy
700 _aO'BRIEN, T P
942 _cBK
999 _c36451
_d36451